00453nam a22001571a 4500020000900000040002600009050002000035245005300055260004500108300001200153500001500165600004200180600004200222600002800264852000300292 c0.00 aNEGST Library - Kenya aBS 325.I43 1967 aLyago nipia lya kishekulu numuguni wiituh[Text] aNairobibThe Bible Society of Eascc1967 a535 p.; a[Africana] aBible. N. T. Ilamba language - Texts aBible. N. T. Ilyamba language - Texts aIlamba language - Texts